[Event "FICGS theme 0000 email"]
[Site "FICGS email"]
[Date "2007.10.30"]
[Round "1"]
[White "Stripes, James"]
[Black "D Ettorre, Rodolfo"]
[Result "0-1"]
[WhiteElo "1700"]
[BlackElo "1659"]
[PlyCount "82"]
[EventDate "2007.??.??"]
[EventType "swiss (corr)"]
[EventRounds "1"]
[SourceTitle "Corr 2022"]
[Source "ChessBase"]
[SourceDate "2021.10.24"]
[SourceVersion "1"]
[SourceVersionDate "2021.10.24"]
[SourceQuality "1"]

1. e4 e6 2. d4 d5 3. Nd2 Be7 4. Bd3 c5 5. dxc5 Nd7 6. exd5 exd5 7. Ngf3 Nxc5 8. Nb3 Nxd3+ 9. Qxd3 Nf6 10. 0-0 0-0 11. Bg5 h6 12. Bh4 Re8 13. Rae1 Be6 14. c3 Qb6 15. Qd4 Qa6 16. a3 Rac8 17. Qd1 g5 18. Bg3 Ne4 19. Nbd4 Bg4 20. Qb3 Red8 21. h3 Bh5 22. Be5 Bc5 23. Rd1 f6 24. Bh2 Kh7 25. Nf5 g4 26. hxg4 Bxg4 27. N5d4 Rd7 28. Qc2 Rg7 29. Rd3 Bxf3 30. Nxf3 Rcg8 31. Ne1 Qe6 32. a4 Kh8 33. Qe2 a6 34. b4 Ba7 35. b5 Re7 36. b6 Bxb6 37. Nc2 Reg7 38. Ne1 Bc5 39. a5 Re7 40. Rf3 Qg4 41. Re3 Nxf2 0-1

[Event "IECC CL4-2003.01 email"]
[Site "IECC email"]
[Date "2003.01.09"]
[Round "?"]
[White "Roberts, David Llewelyn"]
[Black "Stripes, James"]
[Result "1/2-1/2"]
[WhiteElo "1623"]
[BlackElo "1648"]
[PlyCount "79"]
[EventDate "2003.??.??"]
[EventType "tourn (corr)"]
[EventRounds "4"]
[SourceTitle "Corr 2008"]
[Source "ChessBase"]
[SourceDate "2008.06.24"]
[SourceVersion "1"]
[SourceVersionDate "2008.06.24"]
[SourceQuality "1"]

1. e4 c5 2. Nf3 Nc6 3. d4 cxd4 4. Nxd4 Nf6 5. Nc3 e5 6. Ndb5 d6 7. Bg5 a6 8. Na3 b5 9. Bxf6 gxf6 10. Nd5 f5 11. c3 Bg7 12. exf5 Bxf5 13. Nc2 Be6 14. g3 0-0 15. Bg2 a5 16. 0-0 f5 17. Qe2 Rb8 18. Rfd1 Kh8 19. b3 e4 20. Rac1 Ne5 21. Nf4 Bg8 22. Nd4 Bh6 23. Nxb5 Nf3+ 24. Kh1 Rf6 25. c4 d5 26. Rc3 Bxf4 27. gxf4 Rh6 28. h3 Qh4 29. Rxf3 exf3 30. Qe5+ Qf6 31. Qxb8 fxg2+ 32. Kxg2 Qg7+ 33. Kh2 dxc4 34. bxc4 Qb2 35. Qe5+ Qxe5 36. fxe5 Bxc4 37. Nd6 Be6 38. f4 a4 39. a3 Rg6 40. Rg1 1/2-1/2

[Event "IECC CL4-2003.01 email"]
[Site "IECC email"]
[Date "2003.01.09"]
[Round "?"]
[White "Stripes, James"]
[Black "Van Rooijen, Peter"]
[Result "1/2-1/2"]
[WhiteElo "1736"]
[BlackElo "1748"]
[PlyCount "42"]
[EventDate "2003.??.??"]
[EventType "tourn (corr)"]
[EventRounds "4"]
[SourceTitle "Corr 2008"]
[Source "ChessBase"]
[SourceDate "2008.06.24"]
[SourceVersion "1"]
[SourceVersionDate "2008.06.24"]
[SourceQuality "1"]

1. Nf3 e6 2. g3 Nf6 3. c4 d5 4. Bg2 Be7 5. 0-0 0-0 6. d4 dxc4 7. Ne5 Nc6 8. Bxc6 bxc6 9. Nxc6 Qe8 10. Nxe7+ Qxe7 11. Qa4 e5 12. dxe5 Qxe5 13. Qxc4 Be6 14. Qd3 Rad8 15. Qe3 Qh5 16. f3 Bc4 17. Nc3 Rfe8 18. Qg5 Qh3 19. Be3 Bxe2 20. Nxe2 Rd5 21. Qf4 Rde5 1/2-1/2